Flagi województw w Polsce - Statystyki

Ogólne statystyki
  • Ten quiz został rozwiązany 220 razy
  • Średni wynik to 6 z 16
Statystyki odpowiedzi
Obrazkowy Odpowiedź % Poprawnych
Wielkopolskie
62%
Dolnośląskie
54%
Śląskie
52%
Lubelskie
49%
Pomorskie
49%
Mazowieckie
46%
Opolskie
46%
Kujawsko-Pomorskie
39%
Łódzkie
39%
Podlaskie
39%
Małopolskie
36%
Lubuskie
35%
Świętokrzyskie
34%
Warmińsko-Mazurskie
34%
Podkarpackie
33%
Zachodniopomorksie
1%
Nie znaleziono quizów pasujących do podanych kryteriów
Rozkład punktacji
Procent ludzi z każdym wynikiem
Percentyl według liczby udzielonych odpowiedzi
Twoja historia wyników
Nie rozwiązałeś tego quizu